| 000 | 00712nam a2200193 a 4500 | ||
|---|---|---|---|
| 005 | 20210223124910.0 | ||
| 008 | 030407s1970 mx r 000 0 spa d | ||
| 035 | _aUPN01000123637 | ||
| 049 | _aCG | ||
| 050 | 4 |
_aKGF3146 _bM4.6 |
|
| 110 | 1 |
_aMéxico. _bSecretaría de la Presidencia _929638 |
|
| 245 | 1 | 0 |
_aProntuario de disposiciones jurídicas para las Secretarías y Departamentos de Estado / _cSecretaría de la Presidencia. |
| 260 |
_aMéxico : _bSecretaría de la Presidencia, _c1970. |
||
| 300 | _a371 p. | ||
| 650 | 4 |
_aAGENCIAS ADMINISTRATIVAS - _zMEXICO _92234 |
|
| 650 | 4 |
_aDEPARTAMENTOS DEL PODER EJECUTIVO - _zMEXICO _913935 |
|
| 650 | 4 |
_aRESPONSABILIDAD MINISTERIAL - _zMEXICO _918281 |
|
| 905 | _aLibro | ||
| 999 |
_c95816 _d95816 |
||